Procurement management: Strategy, organization and decision making (Record no. 31962)
[ view plain ]
| 000 -LEADER | |
|---|---|
| fixed length control field | 00306nam a2200109Ia 4500 |
| 082 ## - DEWEY DECIMAL CLASSIFICATION NUMBER | |
| Classification number | 658.787 |
| Item number | COR |
| 100 ## - MAIN ENTRY--AUTHOR NAME | |
| Personal name | Corey, E Raymond |
| 245 #0 - TITLE STATEMENT | |
| Title | Procurement management: Strategy, organization and decision making |
| 260 ## - PUBLICATION, DISTRIBUTION, ETC. (IMPRINT) | |
| Place of publication | Boston |
| Name of publisher | CBI |
| Year of publication | 1978 |
| 942 ## - ADDED ENTRY ELEMENTS (KOHA) | |
| Koha item type | Books |
| Withdrawn status | Lost status | Damaged status | Not for loan | Home library | Current library | Date acquired | Cost, normal purchase price | Full call number | Accession Number | Koha item type |
|---|---|---|---|---|---|---|---|---|---|---|
| RRII Library | RRII Library | 16/12/2021 | 16.95 | 658.787 COR | 12488 | Books |